| 000 | 00956nam a22002657i 4500 | ||
|---|---|---|---|
| 003 | URS | ||
| 005 | 20220117094935.0 | ||
| 008 | 170722b xxu||||| |||| 00| 0 eng d | ||
| 020 | _a9712311120 | ||
| 040 |
_erda _ccollege _beng |
||
| 050 | 0 | 0 |
_aTX 165 _bD134 1993 |
| 100 | 1 |
_aDagoon, Jesse D., _eauthor |
|
| 245 | 1 | 0 |
_aHome and livelihood technology for teacher education, book 1/ _ba comprehensive textbook for use in college practical arts and livelihood education courses _cDagoon, Jesse D.; Dagoon, Salvador; Lañada, Haidee B. |
| 264 | 1 |
_aManila: _bRex Book Store, _c[1993] |
|
| 264 | 4 | _c©1993 | |
| 300 |
_avi, 391 pages: _billustrations, _c26.3 cm. |
||
| 336 |
_2rdacontent _atext |
||
| 338 |
_2rdacarrier _avolume |
||
| 650 | _aHome econimics--study and teaching. | ||
| 650 | _aManual training--phil. vocational education. | ||
| 650 | _avocational teachers. | ||
| 700 | _aDagoon, Salvador | ||
| 700 | _aLañada, Haidee B. | ||
| 942 |
_2lcc _cF |
||
| 999 |
_c11936 _d11936 |
||